000 00539nam a22001817a 4500
003 OSt
005 20260302235009.0
008 260204b |||||||| |||| 00| 0 eng d
020 _a978-1-921209-67-3
040 _aDWCL-Main Lib
_cOC
082 _aGR. 500 Sc416 2008
245 _aScientifica : the comprehensive guide to the world of science
260 _aAustralia :
_bMillenium House,
_cc2008
300 _a512 p. :
_b ill. ( col. ) ;
_c 27 cm.
650 _aScience.
700 _aGLANVILLE, ALLAN R
_eEditor
942 _2ddc
_cGR
_mGR.
_n0
999 _c8262
_d8262